Grapejuice - Harry Styles (All Lyrics) - Statistics

General Stats
  • This quiz has been taken 776 times
  • The average score is 128 of 163
Answer Stats
Grapejuice % Correct
I
97%
a
96%
A
96%
you
95%
me
93%
on
92%
the
92%
The
92%
and
91%
for
90%
so
90%
was
90%
it
89%
some
89%
to
89%
my
88%
flowers
87%
just
86%
Just
86%
way
86%
buy
85%
of
85%
there
85%
no
84%
afternoon
82%
sunny
82%
getting
81%
over
81%
then
81%
There's
81%
Without
81%
through
80%
Verse 1 Yesterday
80%
grape
79%
we
79%
bottle
78%
Pre-Chorus But
78%
came
78%
in
78%
juice
78%
finally
77%
Intro | Outro One
77%
got
76%
three
76%
two
76%
back
75%
been
75%
Give
75%
something
75%
red
74%
did
73%
old
72%
more
71%
than
71%
said
70%
perfect
68%
couple
67%
never
67%
glasses
66%
I'm
65%
pay
65%
someone
65%
rouge
64%
that
64%
blues
63%
all
62%
garden
61%
places
61%
we've
61%
could
60%
Verse 2 Sittin'
59%
Thought
59%
away
57%
hide
56%
count
55%
corner
54%
up
54%
who's
54%
You're
49%
pinks
48%
whites
48%
tryna
47%
always
45%
1982
44%
don't
39%
heath
36%
overthink
36%
No matching quizzes found
Score Distribution
Percent of People with Each Score
Percentile by Number Answered
Your Score History
You have not taken this quiz